| 000 | 01217cam a22003377a 4500 | ||
|---|---|---|---|
| 003 | CHAP | ||
| 005 | 20220329134858.0 | ||
| 008 | 971013c19581961enk r 00010 eng d | ||
| 010 | _a27392 | ||
| 011 | _a28364 | ||
| 035 | _a32468 | ||
| 040 | _cCHAP | ||
| 082 | 0 | 4 |
_a311 _bK45 |
| 100 | 0 | 0 |
_aKendall, Maurice George. _963012 |
| 245 | 1 | 4 |
_aThe advanced theory of statistics _c/por Maurice George Kendall y Alan Stuart |
| 260 |
_aLondon : _bCharles Griffin, _c1958-1961 |
||
| 300 | _a3 v. | ||
| 505 | 0 | _aContenido : v.1 Distribution theory.-- v.2 Inference and relationship | |
| 590 |
_aBATCH-UPD _b10 _c20130110 _lUCH01 _h2058 |
||
| 590 |
_aBATCH-UPD _b10 _c20130410 _lUCH01 _h1411 |
||
| 590 |
_aBATCH-UPD _b10 _c20130914 _lUCH01 _h1323 |
||
| 590 |
_aCONVERSION _b10 _c20130109 _lUCH01 _h1316 |
||
| 650 | 1 | 4 |
_aEstadÃstica. _938241 |
| 700 | 0 |
_aStuart, Alan. _9110036 |
|
| 901 | _aBK | ||
| 942 | _cLIBRO | ||
| 949 |
_a311 K45 _bBC _cLIBRO _d33724000296398 _eLIBRO _fv.1 _h890 _i32468 _si |
||
| 949 |
_a311 K45 _bBC _cLIBRO _d33724000296406 _eLIBRO _fv.1 c.2 _h891 _i32468 _si |
||
| 949 |
_a311 K45 _bBC _cLIBRO _d33724000296422 _eLIBRO _fv.2 _h892 _i32468 _si |
||
| 949 |
_a311 K45 _bBC _cLIBRO _d33724000296455 _eLIBRO _fv.2 c.2 _h893 _i32468 _si |
||
| 999 |
_c27392 _d27392 |
||